Prírubový spoj s tromi stupňami voľnosti /
Uložené v:
| Hlavný autor: | |
|---|---|
| Médium: | Patent |
| Jazyk: | Slovak |
| Vydané: |
Banská Bystrica :
Úrad priemyselného vlastníctva SR,
2019.
|
| Témy: | |
| On-line prístup: | https://wbr.indprop.gov.sk/WebRegistre/Patent/Detail/79-2015 |
| Fyzický popis: |
8 strán. |
| Tagy: |
Pridať tag
Žiadne tagy, Buďte prvý kto otaguje tento záznam!
|
Titul je dostupný aj v ... 

MARC
| LEADER | 00000nam^a2200000^a^4500 | ||
|---|---|---|---|
| 001 | 000627172 | ||
| 003 | SVKKK | ||
| 005 | 20191213133952.0 | ||
| 008 | 191213s2019 xo f j #0|| 0#slo^c | ||
| 013 | |a 79-2015 |d 3. 5. 2017 |d 4. 11. 2019 | ||
| 040 | |a SVKKK |b slo |c SVKKK |e AACR2 | ||
| 041 | 0 | |a slo | |
| 044 | |a xo |c SK | ||
| 084 | |a F16L 27/00 |2 MPT | ||
| 100 | 1 | |a Kučár, Ivan |4 inv |4 pth | |
| 245 | 1 | 0 | |a Prírubový spoj s tromi stupňami voľnosti / |c Kučár Ivan. |
| 260 | |a Banská Bystrica : |b Úrad priemyselného vlastníctva SR, |c 2019. | ||
| 300 | |a 8 strán. | ||
| 655 | 7 | |a patenty |2 SVKPH | |
| 856 | 4 | 0 | |u https://wbr.indprop.gov.sk/WebRegistre/Patent/Detail/79-2015 |
| 910 | |a svkkk | ||
| 998 | |a PA | ||
| 090 | |g SCKHL |k SK41 |a 288 720 |j 4479 |i 2720708174 |s Vyradená | ||